| 000 | 00660cam a22002531 4500 | ||
|---|---|---|---|
| 999 |
_c7741 _d7741 |
||
| 001 | 7741 | ||
| 003 | BD-JhCC | ||
| 005 | 20181006175450.0 | ||
| 008 | 780327s1965 pk b 000 0 eng | ||
| 035 | _a(BD-JhCC)7741 | ||
| 035 | _a(OCoLC)3752735 | ||
| 040 |
_aDLC _cOOxM _dOCoLC _dDLC _dBD-JhCC |
||
| 041 | _aeng | ||
| 050 | 0 | 0 |
_aZ8438.97 _b.W3 |
| 082 |
_bWAH 1965 _a923 |
||
| 100 | 1 | _aWaheed, K. Abdul. | |
| 245 | 1 | 2 |
_aA bibliography of Iqbal / _cby K. A. Waheed. |
| 250 | _a[1st ed.] | ||
| 260 |
_aKarachi, _bIqbal Academy _c[1965] |
||
| 300 |
_aiii, 224 p. _c23 cm. |
||
| 600 | 1 | 0 |
_aIqbal, Muhammad, _cSir, _d1877-1938 |
| 942 |
_2ddc _cBK |
||